|
|
|
|
| LEADER |
00941cam a2200253 7i4500 |
| 001 |
0000066933 |
| 005 |
20220309090000.0 |
| 020 |
|
|
|a 9781119371045 (electronic book)
|
| 020 |
|
|
|a 9781119371007 (pbk)
|
| 090 |
0 |
0 |
|a HG187.4
|b .H33 2018
|
| 100 |
1 |
|
|a Habib, Syeda Fahmida
|
| 245 |
1 |
0 |
|a Fundamentals of Islamic finance and banking
|c by Syeda Fahmida Habib.
|
| 264 |
|
|
|a Chichester, West Sussex, United Kingdom:
|b John Wiley & Sons,
|c 2018.
|
| 300 |
|
|
|a 1 online resource (xxv, 284 pages):
|b text file, PDF.
|
| 336 |
|
|
|a text
|2 rdacontent
|
| 337 |
|
|
|a computer
|2 rdamedia
|
| 338 |
|
|
|a online resource
|2 rdacarrier
|
| 650 |
0 |
0 |
|a Finance --
|x Religious aspects --
|x Islam
|
| 650 |
0 |
0 |
|a Finance --
|x Islamic countries
|
| 655 |
0 |
0 |
|a Electronic books
|
| 856 |
4 |
2 |
|u http://library.unisel.edu.my/web/guest/mylibrary
|
| 997 |
|
|
|a Business & Accountancy, Faculty
|
| 998 |
|
|
|a Finance, Degree
|
| 999 |
|
|
|a EBO0011614
|b EBOOK
|c EBOOK
|e Electronic resources
|